Central Library OPAC University of Rajshahi

Fascist Italy / (Record no. 3662)

MARC details
000 -LEADER
fixed length control field 00859nam a22002652a 4500
001 - CONTROL NUMBER
control field 3662
003 - CONTROL NUMBER IDENTIFIER
rucl marc code BD-RjUL
005 - DATE AND TIME OF LATEST TRANSACTION
control field 20211208233751.0
008 - FIXED-LENGTH DATA ELEMENTS--GENERAL INFORMATION
fixed length control field 131219r19731939xx 001 0 eng u
035 ## - SYSTEM CONTROL NUMBER
System control number OCLC ocm01394290 from D950623M
-- (BD-RjUL)3696
040 ## - CATALOGING SOURCE
Original cataloging agency CSU
Modifying agency EQO
Language of cataloging eng
Transcribing agency BD-RjUL
041 ## - LANGUAGE CODE
Language code of text/sound track or separate title eng
082 ## - DEWEY DECIMAL CLASSIFICATION NUMBER
Classification number 945.09
Author mark and year EBF 1973
100 1# - MAIN ENTRY--PERSONAL NAME
Personal name Ebenstein, William,
Dates associated with a name 1910-1976
9 (RLIN) 11616
245 10 - TITLE STATEMENT
Title Fascist Italy /
Statement of responsibility, etc. by William Ebenstein.
260 ## - PUBLICATION, DISTRIBUTION, ETC. (IMPRINT)
Place of publication, distribution, etc. New York :
Name of publisher, distributor, etc. Russel & Russel
Date of publication, distribution, etc. c1939 [Reissued 1973].
300 ## - PHYSICAL DESCRIPTION
Pagination x, 310 p. ;
Size 23 cm
490 1# - SERIES STATEMENT
Series statement American political science series
504 ## - BIBLIOGRAPHY, ETC. NOTE
Bibliography, etc Includes Index & Bibliography: p. 301-305
650 #0 - SUBJECT ADDED ENTRY--TOPICAL TERM
Topical term or geographic name as entry element Fascism
Geographic subdivision Italy
9 (RLIN) 11617
651 #0 - SUBJECT ADDED ENTRY--GEOGRAPHIC NAME
Geographic name Italy
General subdivision Politics and government
Chronological subdivision 1914-1945
9 (RLIN) 11618
830 #0 - SERIES ADDED ENTRY--UNIFORM TITLE
Uniform title American political science series
942 ## - ADDED ENTRY ELEMENTS (KOHA)
Source of classification or shelving scheme Dewey Decimal Classification
Koha item type Books
Holdings
Lost status Source of classification or shelving scheme Damaged status Not for loan Collection code Permanent Location Current Location Shelving location Date acquired Source of acquisition Cost, normal purchase price Total Checkouts Full call number Date last seen Copy number Koha item type
  Dewey Decimal Classification     Non-fiction Central Library, University of Rajshahi Central Library, University of Rajshahi   17/10/1985 Not found 0.00   945.09 EBF 1973 19/12/2013 C-5 Books